small scale incubation of local chick breed at angtasom farm tromkok district takeo province ការភ្ញាស់កូនមាន់ស្រុកជាលក្ខណះគ្រួសានៅកសិដ្ខានអងញគតាសោម ស្រុកត្រាំកក់ ខេត្តតាកែវ (Record no. 18083)

000 -LEADER
fixed length control field 00698nam a22001337a 4500
040 ## - CATALOGING SOURCE
Transcribing agency RUA
082 ## - DEWEY DECIMAL CLASSIFICATION NUMBER
Classification number GRS CHE 2017 B641 Or.1
100 ## - MAIN ENTRY--AUTHOR NAME
Personal name CHEA MAB ជា ម៉ាប់
245 ## - TITLE STATEMENT
Title small scale incubation of local chick breed at angtasom farm tromkok district takeo province ការភ្ញាស់កូនមាន់ស្រុកជាលក្ខណះគ្រួសានៅកសិដ្ខានអងញគតាសោម ស្រុកត្រាំកក់ ខេត្តតាកែវ
260 ## - PUBLICATION, DISTRIBUTION, ETC. (IMPRINT)
Place of publication RUA
Name of publisher PHNOM PENH
Year of publication 2017
300 ## - PHYSICAL DESCRIPTION
Number of Pages vii;28p
Other physical details ill;
Dimensions 29cm
856 ## - ELECTRONIC LOCATION AND ACCESS
Uniform Resource Identifier https://drive.google.com/file/d/1pp6N9mlB1o_0yqrIJVB4b8ymeM6zsBW8/view?usp=sharing
942 ## - ADDED ENTRY ELEMENTS (KOHA)
Koha item type GRS
952 ## - LOCATION AND ITEM INFORMATION (KOHA)
Withdrawn status [LOCAL, KOHA] 0
952 ## - LOCATION AND ITEM INFORMATION (KOHA)
Withdrawn status [LOCAL, KOHA] 0
952 ## - LOCATION AND ITEM INFORMATION (KOHA)
Withdrawn status [LOCAL, KOHA] 0
952 ## - LOCATION AND ITEM INFORMATION (KOHA)
Withdrawn status [LOCAL, KOHA] 0
952 ## - LOCATION AND ITEM INFORMATION (KOHA)
Withdrawn status [LOCAL, KOHA] 0
952 ## - LOCATION AND ITEM INFORMATION (KOHA)
Withdrawn status [LOCAL, KOHA] 0
952 ## - LOCATION AND ITEM INFORMATION (KOHA)
Withdrawn status [LOCAL, KOHA] 0
Holdings
Permanent Location Date acquired Koha item type Lost status Shelving location Barcode Current Location Full call number
Library Block B2019-07-26GRS B641A30329Library Block BGRS CHE 2017 B641 Or.1
Library Block B2019-07-26GRS B641A30351Library Block BGRS CHE 2017 B641 Or.2
Library Block B2019-07-26GRS B641A29961Library Block BGRS CHE 2017 B641 Or.3
Library Block B2019-07-26GRS B641A31540Library Block BGRS CHE 2017 B641 Or.4
Library Block B2019-07-26GRS B641A31615Library Block BGRS CHE 2017 B641 Or.5
Library Block B2019-07-26GRS B641A31968Library Block BGRS CHE 2017 B641 Or.6
Library Block B2019-07-26GRS B641A29859Library Block BGRS CHE 2017 B641 Or.7
មជ្ឈមណ្ឌលឯការនៃសាកលវិទ្យាល័យភូមិន្ទកសិកម្មចំការដូង

Powered by Koha